PT Vocabulary Words #2 - Statistics

General Stats
  • This quiz has been taken 101 times
  • The average score is 11 of 20
Answer Stats
definition word % Correct
take a child not biologically your own into your family adopt
99%
religious rite involving water baptism
91%
proof of payment receipt
90%
compulsive thief kleptomaniac
76%
unexpectedly sudden abrupt
73%
distance from surface to sea floor depth
71%
wedding nuptials
66%
totally incompetent inept
65%
to take prisoner capture
63%
the only country that qualifies for this quiz Egypt
59%
to agree, or at least reconcile oneself to accept
56%
written line under a picture that explains it caption
51%
choose opt
51%
crooked, lacking integrity corrupt
45%
someone with a doubting attitude sceptic
34%
distain or scorn contempt
33%
writing carved into stone inscription
24%
comes from Greek words meaning whirl-wing helicopter
20%
to creep stealthily tiptoe
15%
nervous, jittery uptight
3%
No matching quizzes found
Score Distribution
Percent of People with Each Score
Percentile by Number Answered
Your Score History
You have not taken this quiz